Name the greek olympian gods Quiz Stats

 Plays Quiz not verified by Sporcle

Challenge
Share
Tweet
Embed
Score 0/14 Timer 04:00
0 Plays Today
clue name of the greek god % Correct
ruler of the heavens and earthzeus
97.3%
queen of olympus and guardian of women and childrenhera
94.5%
godess of wisdom athena
93.2%
messenger of the godshermes
93.2%
ruler of the underworldhades
91.8%
godess of love and beautyaphrodite
91.8%
god of warares
91.8%
clue name of the greek god % Correct
ruler of the seasposeidon
90.4%
god of music and sunapollo
90.4%
godess of harvest and graindemeter
83.6%
godess of hunting and protector of young animalsartemis
82.2%
god of wine and partydionysus
80.8%
god of blacksmiths and craftsmenhephaestus
75.3%
godess of hearth and homehestia
75.3%

You're not logged in!

Compare scores with friends on all Sporcle quizzes.
Join for Free
OR
Log In

You Might Also Like...

Show Comments

Extras

Created Aug 20, 2010ReportNominate
Tags:Mythology Quiz, god, Greek, olympian

Top Quizzes Today


Score Distribution

Your Account Isn't Verified!

In order to create a playlist on Sporcle, you need to verify the email address you used during registration. Go to your Sporcle Settings to finish the process.

Report this User

Report this user for behavior that violates our Community Guidelines.

Details: